Proyecto de Ley de Biodiversidad, ya listo y consensuado; fragmentos

Guardado en:
書目詳細資料
格式: Texto
主題:
標簽: 添加標簽
沒有標簽, 成為第一個標記此記錄!

MARC

LEADER 00000 a a2200000 04500
001 562
003
040
245 |a Proyecto de Ley de Biodiversidad, ya listo y consensuado; fragmentos  
650 |a LEGISLACION  
650 |a MEDIO AMBIENTE  
773 |g número 57; páginas 1-6  
999 |c 20268  |d 20268